Mas salud por el mismo dinero. (Registro nro. 352)
[ vista simple ]
| 000 -LEADER | |
|---|---|
| fixed length control field | 01348 am a2200313 a 4500 |
| 005 - FECHA ULTIMA MODIFICACION | |
| control field | 20240227133140.0 |
| 008 - CAMPO DE CONTROL (LIBRO) | |
| fixed length control field | 100610s1997||||ag d f |||| 001 0 spa d |
| 020 ## - INTERNATIONAL STANDARD BOOK NUMBER | |
| ISBN | 950694511X |
| 041 ## - CODIGO DE IDIOMA | |
| Código de idioma del texto/pista de sonido o título separado | spa |
| 092 ## - SIGNATURA TOPOGRAFICA DEWEY LOCAL | |
| número de clasificación | 344 |
| libristica | 30 |
| sección | GON |
| 100 1# - ENTRADA PRINCIPAL--NOMBRE PERSONAL | |
| Nombre personal | González García, Ginés. |
| 9 (RLIN) | 1194 |
| 245 #4 - TITULO PROPIAMENTE DICHO | |
| Título | Mas salud por el mismo dinero. |
| Subtítulo y Título paralelo | La reforma del sistema de salud en Argentina / |
| Mención de responsabilidad y remanente de la transcripción de la portada | Ginés González García |
| 250 ## - MENCION DE EDICION | |
| Mención de edición | 1a ed. |
| 260 ## - PIE DE IMPRENTA | |
| Lugar de publicación, distribución, etc | Buenos Aires: |
| Nombre de la editorial, distribuidor, etc | Isalud; |
| Fecha de publicación | 1997. |
| 300 ## - DESCRIPCION FISICA | |
| Extension | 297 p. |
| 500 ## - NOTA GENERAL | |
| Nota general | González García, G. y Tobar, F. (1997). Mas salud por el mismo dinero. La reforma del sistema de salud en Argentina. (1a ed.). Buenos Aires : Isalud. |
| 653 ## - TÉRMINO INDIZADO - PALABRAS CLAVES | |
| Palabra clave | Reformas sanitarias |
| 653 ## - TÉRMINO INDIZADO - PALABRAS CLAVES | |
| Palabra clave | Política de salud, estado de salud de la población y sistemas de salud |
| 653 ## - TÉRMINO INDIZADO - PALABRAS CLAVES | |
| Palabra clave | Problemas de salud en la Argentina |
| 653 ## - TÉRMINO INDIZADO - PALABRAS CLAVES | |
| Palabra clave | Estado y salud. Medicina versus salud pública |
| 653 ## - TÉRMINO INDIZADO - PALABRAS CLAVES | |
| Palabra clave | Tipos ideales de sistemas de salud. Modelos de financiamiento. Modelos de provisión |
| 653 ## - TÉRMINO INDIZADO - PALABRAS CLAVES | |
| Palabra clave | Modelos argentino de salud. Nuevas y antiguas reformas del sistema de salud argentino |
| 653 ## - TÉRMINO INDIZADO - PALABRAS CLAVES | |
| Palabra clave | Financiamiento y reforma del sistema de salud |
| 653 ## - TÉRMINO INDIZADO - PALABRAS CLAVES | |
| Palabra clave | Reforma competitiva. Reforma solidaria |
| 653 ## - TÉRMINO INDIZADO - PALABRAS CLAVES | |
| Palabra clave | Cómo reformar el sistema de salud en Argentina |
| 700 1# - ENTRADAS SECUNDARIAS - NOMBRE PERSONAL | |
| Nombre personal | Tobar, Federico. |
| 9 (RLIN) | 1106 |
| 930 ## - NUMERO DE INVENTARIO | |
| Número de inventario | 1716 |
| 942 ## - ADDED ENTRY ELEMENTS (KOHA) | |
| Source of classification or shelving scheme | Dewey Decimal Classification |
| Item type | Libros |
| Estado de retiro | Existencia | Estado general | No para prestamo | Ubicación permanente | ubicación actual | Sala de ubicación | Fecha de adquisición | Total Checkouts | Número de clasificación | Código de barras | Date last seen | Número de ejemplar | Price effective from | Koha tipo de elemento (item) |
|---|---|---|---|---|---|---|---|---|---|---|---|---|---|---|
| Biblioteca Medicina | Biblioteca Medicina | Circulación | 13/05/2011 | 344 30 GON | 1716 | 06/11/2014 | ej.1 | 13/05/2011 | Libros |